000 003230000a22001450004500
003 MACL
040 _aMACL
090 _c33760
_d33758
100 _aFuller, Scott
245 _aLearn Windows 95 in a Day
260 _bBPB Publications
_c1996
350 _a45
650 _aComputer Programming
942 _cBOOK
_k005.368/FUL
999 _c33408
_d33408